Die Funktion des Lesens in der Freizeitstruktur der Studenten der Attila-Jozsef-Universität zu Szeged

Elmentve itt :
Bibliográfiai részletek
Szerző: Szentirmai László
Dokumentumtípus: Cikk
Megjelent: 1968
Sorozat:Acta Universitatis Szegediensis : acta bibliothecaria 7 No. 2
Kulcsszavak:Könyvtártudomány
Online Access:http://acta.bibl.u-szeged.hu/7779
LEADER 00705nab a2200181 i 4500
001 acta7779
005 20210602155159.0
008 161015s1968 hu o 0|| ger d
022 |a 0001-7175 
040 |a SZTE Egyetemi Kiadványok Repozitórium  |b hun 
041 |a ger 
100 1 |a Szentirmai László 
245 1 4 |a Die Funktion des Lesens in der Freizeitstruktur der Studenten der Attila-Jozsef-Universität zu Szeged  |h [elektronikus dokumentum] /  |c  Szentirmai László 
260 |c 1968 
300 |a 1-42 
490 0 |a Acta Universitatis Szegediensis : acta bibliothecaria  |v 7 No. 2 
695 |a Könyvtártudomány 
856 4 0 |u http://acta.bibl.u-szeged.hu/7779/1/biblio_007_fasc_002_001-042.pdf  |z Dokumentum-elérés